Normal view
MARC view
- Short course 8051/8032 micocontrollers and assembler
Entry Topical Term
001 - CONTROL NUMBER
- control field: 106714
003 - CONTROL NUMBER IDENTIFIER
- control field: NUST
005 - DATE AND TIME OF LATEST TRANSACTION
- control field: 20230103121648.0
008 - FIXED-LENGTH DATA ELEMENTS
- fixed length control field: 230103|| aca||aabn | a|a d
040 ## - CATALOGING SOURCE
- Original cataloging agency: NUST
- Transcribing agency: NUST
150 ## - HEADING--TOPICAL TERM
- Topical term or geographic name entry element: Short course 8051/8032 micocontrollers and assembler
670 ## - SOURCE DATA FOUND
- Source citation: Work cat.: (NUST)182882: M Ohsmann 106713, Short course 8051/8032 micocontrollesrs and assembler /, 2002
